Negotiation / (Record no. 167978)

MARC details
000 -LEADER
fixed length control field 00691nam a22002177a 4500
005 - DATE AND TIME OF LATEST TRANSACTION
control field 20190924151401.0
010 ## - LCCN (DPL NO)
LC control number ENG-126531
020 ## - INTERNATIONAL STANDARD BOOK NUMBER
Terms of availability 875.00
International Standard Book Number 9789353167035
035 ## - SYSTEM CONTROL NUMBER
System control number EN-110063
037 ## - SOURCE OF ACQUISITION
Source of stock number/acquisition DBAD/PUB
082 ## - DEWEY DECIMAL CLASSIFICATION NUMBER
Classification number 658.4052
Edition number 7th
100 ## - MAIN ENTRY--PERSONAL NAME
Personal name Lewicki, Roy J
245 ## - TITLE STATEMENT
Title Negotiation /
Statement of responsibility, etc By David M Saunders...[et.,all]
260 ## - PUBLICATION, DISTRIBUTION, ETC. (IMPRINT)
Place of publication, distribution, etc Chennai
Name of publisher, distributor, etc McGraw Hill Education
Date of publication, distribution, etc 2015
270 ## - ADDRESS
City Chennai
Address 444/1, Sri Ekambara Naicker Industrial Estate, Alapakkam Porur
Postal code 600116
Electronic mail address info.india@mheducation.com
300 ## - PHYSICAL DESCRIPTION
Extent 654p.
Dimensions 24cm,(pbk)
500 ## - GENERAL NOTE
General note Includes index
700 ## - ADDED ENTRY--PERSONAL NAME
Personal name Saunders, Dvid M
700 ## - ADDED ENTRY--PERSONAL NAME
Personal name Barry Bruce
942 ## - ADDED ENTRY ELEMENTS (KOHA)
Source of classification or shelving scheme Dewey Decimal Classification
Item type English Books
Classification part 658.4052
Call number suffix LEW
Holdings
Withdrawn status Lost status Not for loan Collection code Home library Current library Date acquired Source of acquisition Cost, normal purchase price Full call number Barcode Copy number Cost, replacement price Koha item type
      Non-fiction Sarojini Nagar Sarojini Nagar 24/09/2019 DBAD/PUB 875.00 658.4052 LEW EN-110063 1 875.00 English Books

© Delhi Public Library
Hit Counter
free hit counter